Childcraft : (Registro nro. 9842)

Detalles MARC
000 -CABECERA
Longitud fija campo de control 00918nam a2200205 a 4500
003 - • IDENTIFICADOR DELl NÚMERO DE CONTROL
Identificador del número de control CO-ViMGA
008 - • CÓDIGOS DE INFORMACIÓN DE LONGITUD FIJA
Códigos de información de longitud fija 141112s2004 ck r 000 u spa d
020 ## - • NÚMERO INTERNACIONAL NORMALIZADO PARA LIBROS
Número Internacional Normalizado para Libros (ISBN) 0716601826
040 ## - FUENTE DE LA CATALOGACIÓN
Centro catalogador de origen CO-ViMGA
Lengua de catalogación spa
Centro transcriptor CO-ViMGA
082 04 - • NÚMERO DE LA CLASIFICACIÓN DECIMAL DEWEY
Número de clasificación (R) R031 C445
245 10 - • TITULO PROPIAMENTE DICHO
Título Childcraft :
Resto del título The how and Why library
300 ## - • DESCRIPCIÓN FÍSICA
Extensión 10V
505 ## - • NOTA DE CONTENIDO CON FORMATO
Nota de contenido con formato Volumen 1 Poems and Rhymes Volumen 3 Children everywhere Volumen 6 The green kimgdom Volumen 8 Abouts Us Volumen 9 Holidays and Birthdays Volumen 10 Places to know Volumen 12 Look and Learn Volumen 13 Mathemagic Volumen 14 About me Volumen 15 Guide for parents
590 ## - NOTAS LOCALES
Nota local Forma de adquisición : Donación - - Precio : 1000000 - - Fecha de adquisición : Noviembre 2006
650 14 - • PUNTO DE ACCESO ADICIONAL DE MATERIA - TÉRMINO DE MATERIA
Término de materia o nombre geográfico como elemento inicial ENCICLOPEDIAS Y DICCIONARIOS ESTADOUNIDENSES
650 14 - • PUNTO DE ACCESO ADICIONAL DE MATERIA - TÉRMINO DE MATERIA
Término de materia o nombre geográfico como elemento inicial ENCICLOPEDIAS Y DICCIONARIOS PARA NIÑOS
942 ## - ENTRADA DE ELEMENTOS AGREGADOS (KOHA)
Fuente de clasificaión o esquema Dewey Decimal Classification
Koha [por defecto] tipo de item LIbro
Existencias
Perdido Fuente de clasificación o esquema Estado Físico No para préstamo Forma de adquisición Localización permanente Localización actual Fecha adquisición Serie de enumeración / cronolog&íacute;a Préstamos totales Signatura completa Código de barras Fecha última consulta Número de copia Fecha del precio de reemplazo Tipo de item de Koha
  Dewey Decimal Classification     Sala General Estacion de Lectura Apiay - Villavicencio Estacion de Lectura Apiay - Villavicencio 12/04/2015 Volumen. 1 | 11/jun/2009   R031 C445 20992 12/04/2015 Ej. 1 12/04/2015 LIbro









Instituto Departamental de Cultura del Meta - Red Departamental de Bibliotecas Públicas del Meta.